Catalog

Record Details

Catalog Search



The Colonels  Cover Image Book Book

The Colonels / by W.E.B. Griffin.

Griffin, W. E. B. (Author).

Record details

  • ISBN: 0515090220
  • ISBN: 0515076988
  • Physical Description: 470 pages
  • Publisher: New York : Jove Books, 1983.

LDR 00617cam a2200205 a 4500
001120509
003SBPL
00520211202185529.0
008051201s1983 nyu 000 1 eng u
020 . ‡a0515090220
020 . ‡a0515076988
035 . ‡a(CONS)120509
035 . ‡a(CPomAG)LMN415338
1001 . ‡aGriffin, W. E. B.
24514. ‡aThe Colonels / ‡cby W.E.B. Griffin.
260 . ‡aNew York : ‡bJove Books, ‡c1983.
300 . ‡a470 pages
440 . ‡aGriffin, W. E. B.
490 . ‡aBrotherhood of war; ‡v[bk.4.]
914 . ‡dNAC_rg ‡dLMN_cm
959 . ‡i32269001098170 ‡lF Gri ‡aAdult - Fiction ‡tPaperback ‡g10.00
852 . ‡p32269001098170 ‡jF Gri ‡gAdult - Fiction ‡cPaperback ‡y10.00 ‡bSBPL
901 . ‡a120509 ‡bUnknown ‡c120509 ‡tbiblio

Additional Resources